The ultimate winning scrabble

Bibliographic Details
Main Author: Lawrence, Michael
Format: Book
Published: Australia : Redwood Editions , 1996
Series:Standard edition
Subjects:

MARC

LEADER 00000cam a2200000 7i4500
001 0000025647
002 000027648
005 20000330.0
020 |a 1875980075 
090 0 0 |a 793.734   |b LAW 
100 0 |a Lawrence, Michael 
245 1 4 |a The ultimate winning scrabble   |c Michael Lawrence 
260 |a Australia :   |b Redwood Editions ,   |c 1996 
300 |a 234p. :   |b ill ;   |c 25cm. 
490 0 |a Standard edition 
650 0 0 |a Scrabble (Game) 
999 |a 00073385   |b BUKU   |c PINJAMAN   |e PERPUSTAKAAN KOMUNITI PETALING JAYA 
999 |a 00073386   |b BUKU   |c PINJAMAN   |e PERPUSTAKAAN KOMUNITI PETALING JAYA